The complete stories / (Record no. 17667)
[ view plain ]
| 000 -LEADER | |
|---|---|
| fixed length control field | 02825cam a2200301 4500 |
| 001 - CONTROL NUMBER | |
| control field | 1746642 |
| 005 - DATE AND TIME OF LATEST TRANSACTION | |
| control field | 20131022103908.0 |
| 008 - FIXED-LENGTH DATA ELEMENTS--GENERAL INFORMATION | |
| fixed length control field | 711220r19831971nyu rb 000 1 eng |
| 010 ## - LIBRARY OF CONGRESS CONTROL NUMBER | |
| LC control number | 75161559 |
| 020 ## - INTERNATIONAL STANDARD BOOK NUMBER | |
| International Standard Book Number | 0805210555 |
| 020 ## - INTERNATIONAL STANDARD BOOK NUMBER | |
| International Standard Book Number | 9780805210552 |
| 040 ## - CATALOGING SOURCE | |
| Original cataloging agency | DLC |
| Transcribing agency | DLC |
| Modifying agency | DLC |
| 041 1# - LANGUAGE CODE | |
| Language code of text/sound track or separate title | engger |
| 082 00 - DEWEY DECIMAL CLASSIFICATION NUMBER | |
| Classification number | 833.912 |
| Edition number | 22 |
| Item number | KAF |
| 100 1# - MAIN ENTRY--PERSONAL NAME | |
| Personal name | Kafka, Franz, |
| Dates associated with a name | 1883-1924. |
| 9 (RLIN) | 34164 |
| 245 14 - TITLE STATEMENT | |
| Title | The complete stories / |
| Statement of responsibility, etc | Franz Kafka; Edited by Nahum N. Glatzer; Foreword by John Updike |
| 260 ## - PUBLICATION, DISTRIBUTION, ETC. (IMPRINT) | |
| Place of publication, distribution, etc | New York: |
| Name of publisher, distributor, etc | Schocken Books , |
| Date of publication, distribution, etc | 1983 |
| 300 ## - PHYSICAL DESCRIPTION | |
| Extent | vii, 486 p. |
| Dimensions | 24 cm. |
| 490 ## - Series Statement | |
| -- | 34167 |
| Series statement | Schocken classics |
| 504 ## - BIBLIOGRAPHY, ETC. NOTE | |
| Bibliography, etc | Includes bibliographies. |
| 505 ## - FORMATTED CONTENTS NOTE | |
| Formatted contents note | Two Introductory parables: Before the law --<br/>Imperial message --<br/>Longer stories: Description of a struggle --<br/>Wedding preparations in the country --<br/>Judgment --<br/>Metamorphosis --<br/>In the penal colony --<br/>Village schoolmaster (The giant mole) --<br/>Blumfeld, and elderly bachelor --<br/>Warden of the tomb --<br/>Country doctor --<br/>Hunter Gracchus --<br/>Hunter Gracchus: A fragment --<br/>Great Wall of China --<br/>News of the building of the wall: A fragment --<br/>Report to an academy --<br/>Report to an academy: Two fragments --<br/>Refusal --<br/>Hunger artist --<br/>Investigations of a dog --<br/>Little woman --<br/>The burrow --<br/>Josephine the singer, or the mouse folk --<br/>Children on a country road --<br/>The trees --<br/>Clothes --<br/>Excursion into the mountains --<br/>Rejection --<br/>The street window --<br/>The tradesman --<br/>Absent-minded window-gazing --<br/>The way home --<br/>Passers-by --<br/>On the tram --<br/>Reflections for gentlemen-jockeys --<br/>The wish to be a red Indian --<br/>Unhappiness --<br/>Bachelor's ill luck --<br/>Unmasking a confidence trickster --<br/>The sudden walk --<br/>Resolutions --<br/>A dream --<br/>Up in the gallery --<br/>A fratricide --<br/>The next village --<br/>A visit to a mine --<br/>Jackals and Arabs --<br/>The bridge --<br/>The bucket rider --<br/>The new advocate --<br/>An old manuscript --<br/>The knock at the manor gate --<br/>Eleven sons --<br/>My neighbor --<br/>A crossbreed (A sport) --<br/>The cares of a family man --<br/>A common confusion --<br/>The truth about Sancho Panza --<br/>The silence of the sirens --<br/>Prometheus --<br/>The city coat of arms --<br/>Poseidon --<br/>Fellowship --<br/>At night --<br/>The problem of our laws --<br/>The conscripton of troops --<br/>The test --<br/>The vulture --<br/>The helmsman --<br/>The top --<br/>A little fable --<br/>Home-coming --<br/>First sorrow --<br/>The departure --<br/>Advocates --<br/>The married couple --<br/>Give it up! --<br/>On parables. |
| 600 ## - SUBJECT ADDED ENTRY--PERSONAL NAME | |
| 9 (RLIN) | 34164 |
| Personal name | Kafka, Franz, |
| Dates associated with a name | 1883-1924 -- |
| General subdivision | Translations into English |
| 650 ## - SUBJECT ADDED ENTRY--TOPICAL TERM | |
| 9 (RLIN) | 34165 |
| Topical term or geographic name as entry element | Short stories, Austrian |
| General subdivision | Translation into English |
| 651 ## - SUBJECT ADDED ENTRY--GEOGRAPHIC NAME | |
| 9 (RLIN) | 34166 |
| Geographic name | Germany |
| General subdivision | Social life and customs |
| Chronological subdivision | 20th century |
| Form subdivision | Fiction |
| 653 ## - INDEX TERM--UNCONTROLLED | |
| Resource For college | |
| Arrived date list | October2013 |
| 700 1# - ADDED ENTRY--PERSONAL NAME | |
| Personal name | Glatzer, Nahum N. |
| Fuller form of name | (Nahum Norbert), |
| Dates associated with a name | 1903-1990, |
| Relator term | ed. |
| 9 (RLIN) | 34168 |
| 942 ## - ADDED ENTRY ELEMENTS (KOHA) | |
| Source of classification or shelving scheme | Dewey Decimal Classification |
| Item type | Book - Borrowing |
| Withdrawn status | Item status | Source of classification or shelving scheme | Damaged status | Not for loan | Vendor | Home library | Current library | Shelving location | Date acquired | Source of acquisition | Cost, normal purchase price | Serial Enumeration / chronology | Total Checkouts | Total Renewals | Full call number | Barcode | Checked out | Date last seen | Date last borrowed | Koha item type | Materials specified (bound volume or other part) |
|---|---|---|---|---|---|---|---|---|---|---|---|---|---|---|---|---|---|---|---|---|---|
| Dewey Decimal Classification | Baccah | Central Library | Central Library | Second Floor | 22/10/2013 | 220.00 | 18162 | 2 | 2 | 833.912 KAF | 000029245 | 02/05/2018 | 31/01/2016 | 31/01/2016 | Book - Borrowing | ||||||
| Lost | Dewey Decimal Classification | Baccah | Central Library | Central Library | Second Floor | 22/10/2013 | 220.00 | 18162 | 833.912 KAF | 000029246 | 22/10/2013 | Book - Borrowing | Lost In Inventory_2015-8-23 |